<?xml version="1.0" encoding="UTF-8"?>
<record
    xmlns:xsi="http://www.w3.org/2001/XMLSchema-instance"
    xsi:schemaLocation="http://www.loc.gov/MARC21/slim http://www.loc.gov/standards/marcxml/schema/MARC21slim.xsd"
    xmlns="http://www.loc.gov/MARC21/slim">

  <leader>01142nam a2200169Ia 4500</leader>
  <controlfield tag="008">090711s9999    xx            000 0 und d</controlfield>
  <datafield tag="082" ind1=" " ind2=" ">
    <subfield code="b">31893</subfield>
  </datafield>
  <datafield tag="100" ind1=" " ind2=" ">
    <subfield code="a">&#x92D;&#x93E;&#x917;&#x935;&#x924; &#x932;&#x940;&#x932;&#x93E;&#x935;&#x924;&#x940; / &#x92A;&#x930;&#x93E;&#x902;&#x91C;&#x92A;&#x947; &#x938;&#x908; / &#x926;&#x93E;&#x938; &#x92E;&#x928;&#x94B;&#x91C;</subfield>
  </datafield>
  <datafield tag="245" ind1=" " ind2=" ">
    <subfield code="a">"&#x938;&#x94D;&#x935;&#x930;&#x94D;&#x917;&#x93E;S&#x93E;&#x940; &#x938;&#x939;&#x932; &#x935; &#x905;&#x928;&#x94D;&#x92F; &#x915;&#x939;&#x93E;&#x923;&#x94D;&#x92F;&#x93E;, &#x91C;&#x93E;&#x926;&#x942;S&#x93E;&#x93E; &#x936;&#x902;&#x916;, &#x92D;&#x91F;&#x915;&#x94D;&#x92F;&#x93E;S&#x94B; &#x92D;&#x935;&#x93F;&#x937;&#x94D;&#x92F;, &#x938;&#x941;&#x930;&#x938; &#x915;&#x939;&#x93E;&#x923;&#x94D;&#x92F;&#x93E;"</subfield>
  </datafield>
  <datafield tag="260" ind1=" " ind2=" ">
    <subfield code="c">1970</subfield>
  </datafield>
  <datafield tag="300" ind1=" " ind2=" ">
    <subfield code="a">171</subfield>
  </datafield>
  <datafield tag="600" ind1=" " ind2=" ">
    <subfield code="a">&#x92D;&#x93E;&#x917;&#x935;&#x924; &#x932;&#x940;&#x932;&#x93E;&#x935;&#x924;&#x940; / &#x92A;&#x930;&#x93E;&#x902;&#x91C;&#x92A;&#x947; &#x938;&#x908; / &#x926;&#x93E;&#x938; &#x92E;&#x928;&#x94B;&#x91C;</subfield>
  </datafield>
  <datafield tag="630" ind1=" " ind2=" ">
    <subfield code="a">"&#x938;&#x94D;&#x935;&#x930;&#x94D;&#x917;&#x93E;S&#x93E;&#x940; &#x938;&#x939;&#x932; &#x935; &#x905;&#x928;&#x94D;&#x92F; &#x915;&#x939;&#x93E;&#x923;&#x94D;&#x92F;&#x93E;, &#x91C;&#x93E;&#x926;&#x942;S&#x93E;&#x93E; &#x936;&#x902;&#x916;, &#x92D;&#x91F;&#x915;&#x94D;&#x92F;&#x93E;S&#x94B; &#x92D;&#x935;&#x93F;&#x937;&#x94D;&#x92F;, &#x938;&#x941;&#x930;&#x938; &#x915;&#x939;&#x93E;&#x923;&#x94D;&#x92F;&#x93E;"</subfield>
  </datafield>
  <datafield tag="700" ind1=" " ind2=" ">
    <subfield code="a">&#x92D;&#x93E;&#x917;&#x935;&#x924; &#x932;&#x940;&#x932;&#x93E;&#x935;&#x924;&#x940; / &#x92A;&#x930;&#x93E;&#x902;&#x91C;&#x92A;&#x947; &#x938;&#x908; / &#x926;&#x93E;&#x938; &#x92E;&#x928;&#x94B;&#x91C;</subfield>
  </datafield>
  <datafield tag="730" ind1=" " ind2=" ">
    <subfield code="a">"&#x938;&#x94D;&#x935;&#x930;&#x94D;&#x917;&#x93E;S&#x93E;&#x940; &#x938;&#x939;&#x932; &#x935; &#x905;&#x928;&#x94D;&#x92F; &#x915;&#x939;&#x93E;&#x923;&#x94D;&#x92F;&#x93E;, &#x91C;&#x93E;&#x926;&#x942;S&#x93E;&#x93E; &#x936;&#x902;&#x916;, &#x92D;&#x91F;&#x915;&#x94D;&#x92F;&#x93E;S&#x94B; &#x92D;&#x935;&#x93F;&#x937;&#x94D;&#x92F;, &#x938;&#x941;&#x930;&#x938; &#x915;&#x939;&#x93E;&#x923;&#x94D;&#x92F;&#x93E;"</subfield>
  </datafield>
  <datafield tag="942" ind1=" " ind2=" ">
    <subfield code="c">BOOK</subfield>
  </datafield>
  <datafield tag="999" ind1=" " ind2=" ">
    <subfield code="c">333054</subfield>
    <subfield code="d">333054</subfield>
  </datafield>
  <datafield tag="952" ind1=" " ind2=" ">
    <subfield code="0">0</subfield>
    <subfield code="1">0</subfield>
    <subfield code="4">0</subfield>
    <subfield code="7">0</subfield>
    <subfield code="a">DASAVA</subfield>
    <subfield code="b">DASAVA</subfield>
    <subfield code="d">2009-07-11</subfield>
    <subfield code="g">4.50</subfield>
    <subfield code="l">0</subfield>
    <subfield code="o">31893</subfield>
    <subfield code="p">DASAVA-31893</subfield>
    <subfield code="r">2009-07-11 00:00:00</subfield>
    <subfield code="v">4.50</subfield>
    <subfield code="w">2009-07-11</subfield>
    <subfield code="y">BOOK</subfield>
  </datafield>
</record>
